| 000 | 00802nam a2200205 a 4500 | ||
|---|---|---|---|
| 005 | 20260322212010.0 | ||
| 008 | data | ||
| 099 | _aDVD 1000 | ||
| 245 | 0 | 0 |
_aX-men : _bApocalypse _cedited by Stan Lee, James McAvoy & Jennifer Lawrence. |
| 260 |
_aBeverly Hills, California : _b20th Century Fox, _c2016. |
||
| 300 |
_aDVD video 1 videodisc (144 minutes) : sound, color ; _b4 3/4 in. |
||
| 500 | _aWidescreen (2.40:1)./ Originally released as a motion picture in 2016. | ||
| 520 | _aAfter the re-emergence of the world's first mutant, world-destroyer Apocalypse, the X-Men must unite to defeat his extinction level plan. | ||
| 650 | 0 | _aAction and adventure films | |
| 650 | 0 | _aScience fiction films | |
| 700 | 1 | _aLee, Stan. | |
| 700 | 1 |
_aMcAvoy, James, _d1979- |
|
| 700 | 1 | _aLawrence, Jennifer | |
| 001 | data | ||
| 999 |
_c208 _d208 |
||